000 00589nam a22001937a 4500
999 _c526316
_d526316
003 NUST
005 20191129100203.0
008 190710b ||||| |||| 00| 0 eng d
038 _aMr. Zahoor
082 _a621.39
100 _aFatima, Khush Naseeb
_917298
245 _aFundus Image Analysis for Detection of Papilledema /
_cKhush Naseeb Fatima
260 _aIslambad :
_bCEME - NUST,
_c2016.
300 _axii, 63 p. : ill. ;
_c30cm.
500 _aHard cover.
650 _aComputer Engineering - MS Thesis
_916083
700 _aDr. Muhammad Usman Akram
_916084
942 _2ddc
_cTHE